Welche Stadt ist das? (2) (Deutschland) - Statistiken

Allgemein
  • Dieses Quiz wurde 211 mal gespielt
  • Das Durchschnittsergebnis liegt bei 9 aus 16
Antwortstatistiken
Bildquiz Antwort % Korrekt
Köln
96%
Hamburg
91%
Frankfurt
90%
München
89%
Berlin
88%
Dresden
74%
Leipzig
56%
Stuttgart
53%
Düsseldorf
52%
Heidelberg
52%
Bremen
37%
Regensburg
37%
Hannover
35%
Aachen
29%
Mannheim
27%
Kiel
13%
Keine übereinstimmenden Quizze gefunden
Verteilung der Resultate
Anzahl Personen mit jedem Resultat
Perzentil nach korrekt beantworteten Fragen
Ihre Resultats-Entwicklung
Sie haben dieses Quiz noch nicht gespielt